[Event "Junior Online 4NCL Division 2"]
[Site "online"]
[Date "2020.10.01"]
[Round "4.65"]
[White "Walker, Daniel"]
[Black "Rich, Aaron"]
[Result "1-0"]
[WhiteElo "1322"]
[BlackElo "1615"]
[PlyCount "125"]
[EventDate "2020.10.01"]
[WhiteTeam "Robin Hoods 2"]
[BlackTeam "Hull and Friends 2"]

1. d4 b6 2. e4 e6 3. Nf3 Bb7 4. Bd3 Nf6 5. Qe2 Be7 6. O-O h6 7. e5 Nd5 8. a3 c5
9. c4 Nc7 10. Nc3 Bxf3 11. Qxf3 cxd4 12. Ne4 Nc6 13. Nd6+ Bxd6 14. exd6 Na6 15.
Be4 Rc8 16. b4 Ne5 17. Qg3 Ng6 18. Bb7 Rxc4 19. Bxa6 Rc3 20. Qg4 e5 21. f4 O-O
22. fxe5 d3 23. Qd4 Rc6 24. Bxd3 Re8 25. Be4 Rc8 26. Bxg6 fxg6 27. Bb2 Re6 28.
Rac1 Kh7 29. Rxc8 Qxc8 30. Rc1 Qa6 31. Qc4 Qb7 32. Rd1 Re8 33. Qd4 Rg8 34. b5
Qb8 35. Qd5 Qc8 36. Rc1 Qb8 37. h3 Qf8 38. Rf1 Qb8 39. Rf7 Qc8 40. e6 dxe6 41.
Qd4 Qc5 42. d7 e5 43. Qxc5 bxc5 44. Bxe5 g5 45. Rxg7+ Rxg7 46. Bxg7 Kxg7 47.
d8=Q Kg6 48. Qc7 Kh5 49. Qxc5 Kg6 50. Qxa7 Kh5 51. Qf7+ Kh4 52. Kh2 g4 53. g3+
Kg5 54. Qa7 h5 55. h4+ Kf5 56. Qd4 Kg6 57. Qe5 Kf7 58. Qd6 Kg7 59. Qe6 Kh7 60.
Qf6 Kg8 61. Qe7 Kh8 62. b6 Kg8 63. b7 1-0

[Event "Junior Online 4NCL Division 2"]
[Site "online"]
[Date "2020.10.01"]
[Round "4.66"]
[White "Wood, Philip A"]
[Black "Tomsett, Jonah"]
[Result "1-0"]
[WhiteElo "1532"]
[BlackElo "1300"]
[PlyCount "135"]
[EventDate "2020.10.01"]
[WhiteTeam "Hull and Friends 2"]
[BlackTeam "Robin Hoods 2"]

1. d4 d5 2. Nc3 Nf6 3. Bf4 Nc6 4. Nf3 Bf5 5. e3 a6 6. Bd3 Bxd3 7. cxd3 Qd7 8.
a3 O-O-O 9. h3 h6 10. Bh2 e6 11. Qe2 Bd6 12. Ne5 Bxe5 13. Bxe5 Nxe5 14. dxe5
Nh7 15. d4 c6 16. Rd1 g5 17. Qf3 b5 18. b4 f5 19. exf6 Rdf8 20. Qe2 Rxf6 21.
O-O Qa7 22. e4 dxe4 23. Qxe4 e5 24. dxe5 Re6 25. Rd6 Rhe8 26. Qxc6+ Qc7 27.
Qxa6+ Kb8 28. Qxb5+ Kc8 29. Rxe6 Rxe6 30. Qd3 Rxe5 31. Rc1 Nf6 32. Qa6+ Kd8 33.
Qxf6+ Kc8 34. Qf8+ Kb7 35. Qf3+ Qc6 36. Qxc6+ Kxc6 37. a4 Re7 38. Nb5+ Kb6 39.
Kh2 Re4 40. Rb1 Re2 41. f3 Ra2 42. Nc3 Rc2 43. Nd5+ Kc6 44. Ne7+ Kd7 45. Nf5
Ra2 46. a5 Kc6 47. b5+ Kc5 48. a6 Kb6 49. Nxh6 Ra5 50. Nf5 g4 51. fxg4 Ra2 52.
g5 Rf2 53. Ng3 Rf8 54. h4 Rg8 55. Kh3 Rh8 56. Kg4 Rg8 57. h5 Rg7 58. h6 Rh7 59.
Kh5 Rh8 60. g6 Rg8 61. h7 Rg7 62. Kh6 Ra7 63. h8=Q Rc7 64. Qf6+ Ka7 65. b6+
Kxa6 66. bxc7+ Ka7 67. Qb6+ Ka8 68. c8=Q# 1-0

[Event "Junior Online 4NCL Division 2"]
[Site "online"]
[Date "2020.10.01"]
[Round "4.67"]
[White "Keenan, Isaac"]
[Black "Meredith, Daniel"]
[Result "0-1"]
[WhiteElo "1285"]
[BlackElo "1247"]
[PlyCount "132"]
[EventDate "2020.10.01"]
[WhiteTeam "Robin Hoods 2"]
[BlackTeam "Hull and Friends 2"]

1. d4 Nf6 2. e4 Nxe4 3. Bf4 g6 4. f3 Nf6 5. Be5 Bg7 6. Nc3 d6 7. Bg3 O-O 8.
Nge2 c5 9. dxc5 dxc5 10. Qxd8 Rxd8 11. Bc7 Re8 12. O-O-O Bd7 13. Na4 b6 14.
Nac3 Nc6 15. Be5 Nxe5 16. f4 Nc6 17. g3 Na5 18. h3 Rad8 19. g4 Bc6 20. Rg1
Rxd1+ 21. Kxd1 Rd8+ 22. Kc1 Ne4 23. Bg2 Nxc3 24. Nxc3 Bxg2 25. Rxg2 Bxc3 26.
bxc3 Nc4 27. f5 gxf5 28. gxf5+ Kf8 29. Rg4 Ne3 30. Re4 Nxf5 31. Re5 e6 32. Re1
Kg7 33. Rg1+ Kf6 34. Rf1 a5 35. a4 Kg5 36. Rg1+ Kh4 37. Rh1 Rd5 38. c4 Rd4 39.
c3 Rxc4 40. Kb2 Rxa4 41. Kb3 b5 42. c4 Rxc4 43. Kb2 Rd4 44. Kc3 Ne3 45. Re1
Nd5+ 46. Kc2 Rc4+ 47. Kd3 Rc3+ 48. Ke4 Re3+ 49. Rxe3 Nxe3 50. Kxe3 a4 51. Kd2
Kxh3 52. Kc2 f5 53. Kd2 a3 54. Kc2 f4 55. Kb3 f3 56. Kxa3 f2 57. Kb2 f1=Q 58.
Kb3 Qd3+ 59. Kb2 Kg3 60. Ka2 Qc3 61. Kb1 Qd2 62. Ka1 Kf3 63. Kb1 Ke3 64. Ka1
Kd3 65. Kb1 Kc3 66. Ka1 Qb2# 0-1

[Event "Junior Online 4NCL Division 2"]
[Site "online"]
[Date "2020.10.01"]
[Round "4.68"]
[White "Luckhurst, Isaac"]
[Black "Humphreys, Benjamin"]
[Result "0-1"]
[WhiteElo "1005"]
[BlackElo "1300"]
[PlyCount "54"]
[EventDate "2020.10.01"]
[WhiteTeam "Hull and Friends 2"]
[BlackTeam "Robin Hoods 2"]

1. d4 d5 2. e3 c5 3. Bb5+ Bd7 4. Bf1 e6 5. dxc5 Bxc5 6. Nc3 Nf6 7. Nb5 Bxb5 8.
Bxb5+ Nc6 9. e4 Qa5+ 10. b4 Bxb4+ 11. c3 Bxc3+ 12. Bd2 Nxe4 13. f3 Bxd2+ 14.
Kf1 Qxb5+ 15. Ne2 Qb2 16. h4 O-O 17. h5 d4 18. Qe1 Bxe1 19. Kxe1 Qxa1+ 20. Nc1
Qxc1+ 21. Ke2 Qxh1 22. Kd3 Rac8 23. Kxe4 Qb1+ 24. Kf4 e5+ 25. Kg5 g6 26. Kh6
Qc1+ 27. f4 Qxf4# 0-1

[Event "Junior Online 4NCL Division 2"]
[Site "online"]
[Date "2020.10.01"]
[Round "4.71"]
[White "Sapsford, Oliver"]
[Black "Gibara, Astrid"]
[Result "0-1"]
[WhiteElo "1442"]
[BlackElo "1150"]
[PlyCount "70"]
[EventDate "2020.10.01"]
[WhiteTeam "Border Bandits 1"]
[BlackTeam "Warwickshire Bears F"]

1. e4 e5 2. Nf3 Nc6 3. Bb5 h6 4. Bxc6 bxc6 5. Nxe5 f6 6. Nf3 d5 7. exd5 cxd5 8.
O-O Bb7 9. Re1+ Be7 10. Nc3 g5 11. d4 f5 12. Nxg5 hxg5 13. Bxg5 Qd7 14. Bxe7
Nxe7 15. Qf3 O-O-O 16. Qe3 Rde8 17. Qd3 Qd6 18. Nb5 Qxh2+ 19. Kf1 c6 20. Nxa7+
Kb8 21. Nxc6+ Nxc6 22. f3 Ka7 23. a4 Ba6 24. c4 Bxc4 25. Qxc4 dxc4 26. Kf2 Rxe1
27. Rxe1 Nxd4 28. Re7+ Kb6 29. Rd7 Qh4+ 30. Ke3 Re8+ 31. Kd2 Qf2+ 32. Kc3 Re3+
33. Kxc4 Qc2+ 34. Kd5 Qb3+ 35. Kd6 Re6# 0-1

[Event "Junior Online 4NCL Division 2"]
[Site "online"]
[Date "2020.10.01"]
[Round "4.72"]
[White "Mykhnenko, Marijka"]
[Black "Goodwin, Robert Rhys"]
[Result "0-1"]
[WhiteElo "1187"]
[BlackElo "1318"]
[PlyCount "112"]
[EventDate "2020.10.01"]
[WhiteTeam "Warwickshire Bears F"]
[BlackTeam "Border Bandits 1"]

1. e4 e5 2. Nf3 Nc6 3. Bc4 Bc5 4. d3 Nf6 5. O-O d6 6. h3 Be6 7. Bxe6 fxe6 8.
Ng5 Qd7 9. Nc3 h6 10. Nf3 O-O-O 11. a4 d5 12. exd5 exd5 13. a5 a6 14. Bd2 g5
15. Ne2 Rdg8 16. Nh2 g4 17. h4 h5 18. g3 e4 19. dxe4 Nxe4 20. Bc3 Rh7 21. Bd4
Nxd4 22. Nxd4 Rf7 23. c3 Rgf8 24. Qe2 Re8 25. Qc2 Ba7 26. Rae1 c5 27. Ne2 Ref8
28. Nf4 Re8 29. Nxh5 c4 30. Nf4 Nxg3 31. Rxe8+ Qxe8 32. Nxd5 Nxf1 33. Nxf1 Rxf2
34. Qxf2 Bxf2+ 35. Kxf2 Qf7+ 36. Kg3 Qxd5 37. Kxg4 Qd1+ 38. Kg5 Qxf1 39. h5
Qg1+ 40. Kf6 Qf2+ 41. Kg7 Qxb2 42. h6 Qxc3+ 43. Kg6 Qh8 44. h7 c3 45. Kh6 c2
46. Kg6 c1=Q 47. Kf5 Qxh7+ 48. Ke6 Qe3+ 49. Kd6 Qg6+ 50. Kd5 Qeg5+ 51. Kc4 Qe4+
52. Kc3 Qg3+ 53. Kd2 Qgd3+ 54. Kc1 Qec4+ 55. Kb2 Qdb3+ 56. Ka1 Qca4# 0-1

[Event "Junior Online 4NCL Division 2"]
[Site "online"]
[Date "2020.10.01"]
[Round "4.73"]
[White "Brown, Kingsley"]
[Black "Pal, Rhea"]
[Result "1-0"]
[WhiteElo "1300"]
[BlackElo "1120"]
[PlyCount "165"]
[EventDate "2020.10.01"]
[WhiteTeam "Border Bandits 1"]
[BlackTeam "Warwickshire Bears F"]

1. e4 e6 2. d4 d5 3. Nc3 Nf6 4. e5 Ne4 5. Nxe4 dxe4 6. Bc4 c5 7. Ne2 Be7 8. O-O
Nc6 9. dxc5 Bxc5 10. Qxd8+ Nxd8 11. Bg5 O-O 12. Rad1 Nc6 13. Bf4 b6 14. Rfe1
Bb7 15. Nc3 Rad8 16. Rxd8 Rxd8 17. Nxe4 Na5 18. Nxc5 bxc5 19. Bd3 c4 20. Be2
Rd4 21. Bg3 Rd2 22. Rd1 Rxd1+ 23. Bxd1 Nc6 24. c3 Kf8 25. Bf3 Ke7 26. Kf1 Kd7
27. Ke2 Kc7 28. Kd2 Kb6 29. b4 Kb5 30. Kc2 Ka4 31. Kb2 a5 32. a3 axb4 33. axb4
Nxb4 34. cxb4 Bxf3 35. gxf3 Kxb4 36. h4 c3+ 37. Kc2 Kc4 38. f4 Kd4 39. f3 f5
40. Bf2+ Kc4 41. Be1 Kd4 42. Bxc3+ Ke3 43. Bd2+ Kxf3 44. Kd3 Kg4 45. h5 Kxh5
46. Ke3 g5 47. fxg5 Kxg5 48. Kf3+ Kg6 49. Kf4 h5 50. Be1 Kh6 51. Bh4 Kg7 52.
Kg5 Kf7 53. Kxh5 Kg7 54. Bf6+ Kf7 55. Kg5 Kf8 56. Kg6 Ke8 57. Kg7 Kd7 58. Kf7
f4 59. Bh4 f3 60. Bf2 Kc6 61. Kxe6 Kb5 62. Kd6 Kc4 63. e6 Kd3 64. e7 Ke2 65.
e8=Q+ Kxf2 66. Qf8 Kg2 67. Qa8 Kg3 68. Qa3 Kg2 69. Ke5 f2 70. Qb2 Kg1 71. Qd4
Kg2 72. Qd2 Kf3 73. Qd1+ Ke3 74. Qf1 Kf3 75. Kd4 Kg3 76. Ke3 Kg4 77. Qxf2 Kg5
78. Ke4 Kg6 79. Ke5 Kg5 80. Qf5+ Kh6 81. Qg4 Kh7 82. Kf6 Kh8 83. Qg7# 1-0

[Event "Junior Online 4NCL Division 2"]
[Site "online"]
[Date "2020.10.01"]
[Round "4.74"]
[White "Sareen, Rohan"]
[Black "Wynn, Jacob"]
[Result "0-1"]
[WhiteElo "1112"]
[BlackElo "1186"]
[PlyCount "54"]
[EventDate "2020.10.01"]
[WhiteTeam "Warwickshire Bears F"]
[BlackTeam "Border Bandits 1"]

1. e4 e5 2. Nf3 Nc6 3. Bc4 Bc5 4. d3 Nf6 5. Nc3 d6 6. Ng5 d5 7. exd5 Na5 8.
Bb5+ c6 9. dxc6 Nxc6 10. Bc4 Be6 11. Bxe6 fxe6 12. Nxe6 Qd6 13. Nxg7+ Kf7 14.
Nf5 Qe6 15. Nh6+ Ke8 16. Bg5 Rd8 17. Bxf6 Qxf6 18. Ng4 Qf4 19. Nd5 Rxd5 20. c4
Bb4+ 21. Kf1 Rd4 22. f3 e4 23. dxe4 Rxd1+ 24. Kf2 Rd2+ 25. Ke1 Rxg2+ 26. Kf1
Qxf3+ 27. Nf2 Qxf2# 0-1

[Event "Junior Online 4NCL Division 2"]
[Site "online"]
[Date "2020.10.01"]
[Round "4.75"]
[White "Gibara, Astrid"]
[Black "Sapsford, Oliver"]
[Result "1-0"]
[WhiteElo "1150"]
[BlackElo "1442"]
[PlyCount "112"]
[EventDate "2020.10.01"]
[WhiteTeam "Warwickshire Bears F"]
[BlackTeam "Border Bandits 1"]

1. e4 e6 2. Nf3 d5 3. d3 c5 4. Nc3 Nf6 5. Bg5 Be7 6. d4 dxe4 7. Bxf6 Bxf6 8.
Nxe4 cxd4 9. Nxf6+ Qxf6 10. Qxd4 Qxd4 11. Nxd4 O-O 12. O-O-O Nc6 13. g3 e5 14.
Nxc6 bxc6 15. Bg2 Bb7 16. f4 exf4 17. gxf4 Rfe8 18. Rhe1 g6 19. Rxe8+ Rxe8 20.
Rd7 Re2 21. Bf3 Rf2 22. Rxb7 Rxf3 23. Rxa7 Rxf4 24. Rc7 Rf6 25. b4 Kg7 26. a4
Rf1+ 27. Kb2 Rf4 28. b5 cxb5 29. a5 Ra4 30. Ra7 Kf6 31. Kb3 Ke6 32. a6 h5 33.
Kc3 f5 34. Kd3 Kd6 35. c3 Kc6 36. Ke3 Kb6 37. Rg7 Kxa6 38. Rxg6+ Ka5 39. Rg5
Ra3 40. Rxf5 Rxc3+ 41. Kd4 Rc4+ 42. Kd5 Rh4 43. Kc6 Ka4 44. Rxb5 Rxh2 45. Rb1
h4 46. Kc5 h3 47. Kc4 Ka3 48. Kc3 Ka2 49. Rb5 Rg2 50. Rh5 h2 51. Kd3 Kb3 52.
Rb5+ Ka4 53. Rh5 Kb4 54. Ke3 Kc4 55. Kf3 Kd4 56. Kxg2 h1=Q+ 1-0

[Event "Junior Online 4NCL Division 2"]
[Site "online"]
[Date "2020.10.01"]
[Round "4.76"]
[White "Goodwin, Robert Rhys"]
[Black "Mykhnenko, Marijka"]
[Result "0-1"]
[WhiteElo "1318"]
[BlackElo "1187"]
[PlyCount "140"]
[EventDate "2020.10.01"]
[WhiteTeam "Border Bandits 1"]
[BlackTeam "Warwickshire Bears F"]

1. e4 e5 2. Nf3 Nc6 3. Bc4 Bc5 4. O-O Nf6 5. Nc3 O-O 6. h3 h6 7. d3 d6 8. Be3
Bb6 9. Qd2 Be6 10. Bd5 Bxd5 11. Nxd5 Nxd5 12. exd5 Nd4 13. Nxd4 exd4 14. Bf4
Qf6 15. Rfe1 Qf5 16. c3 dxc3 17. bxc3 Qxd5 18. c4 Qf5 19. Be3 Ba5 20. Qb2 Bxe1
21. Rxe1 Qxd3 22. Qxb7 Qxc4 23. Bxa7 Qxa2 24. Be3 Rac8 25. Qf3 Qb2 26. Qg3 Qf6
27. Qg4 Qg6 28. Qd7 Qe6 29. Qc6 Rfe8 30. Kf1 Qe4 31. Qc3 d5 32. Bd2 Qc4+ 33.
Qxc4 dxc4 34. Bc3 Rxe1+ 35. Kxe1 Re8+ 36. Kd2 Re6 37. f3 Rg6 38. g4 Rd6+ 39.
Ke2 Rd3 40. Be5 Ra3 41. Bxc7 c3 42. Bf4 c2 43. Kd2 Rxf3 44. Be3 Rxh3 45. Bb6
Rh2+ 46. Kc1 g6 47. Be3 h5 48. gxh5 gxh5 49. Bf4 Rf2 50. Be3 Rg2 51. Bd2 h4 52.
Kxc2 h3 53. Kd3 h2 54. Be3 h1=Q 55. Kd4 Qd1+ 56. Ke4 Re2 57. Kf3 Rxe3+ 58. Kxe3
f5 59. Kf4 Qf1+ 60. Kg3 f4+ 61. Kh2 Qf2+ 62. Kh1 Qa2 63. Kg1 Kg7 64. Kf1 Kg6
65. Kg1 Kg5 66. Kf1 Kg4 67. Ke1 Kf3 68. Kd1 Ke3 69. Kc1 Kd3 70. Kd1 Qd2# 0-1

[Event "Junior Online 4NCL Division 2"]
[Site "online"]
[Date "2020.10.01"]
[Round "4.77"]
[White "Pal, Rhea"]
[Black "Brown, Kingsley"]
[Result "0-1"]
[WhiteElo "1120"]
[BlackElo "1300"]
[PlyCount "132"]
[EventDate "2020.10.01"]
[WhiteTeam "Warwickshire Bears F"]
[BlackTeam "Border Bandits 1"]

1. d4 d5 2. Bf4 Nc6 3. e3 Nf6 4. Bd3 Bg4 5. Nf3 e6 6. Nbd2 Bb4 7. Qe2 Ne4 8.
O-O-O Nxd2 9. Rxd2 Bxd2+ 10. Qxd2 Bxf3 11. gxf3 O-O 12. Rg1 Qf6 13. c3 Rfe8 14.
Bc2 Rad8 15. Qd3 g6 16. Rg4 Qf5 17. Qxf5 exf5 18. Bxf5 h5 19. Rg3 Ne7 20. Bh3
Rc8 21. Bxc8 Rxc8 22. Rg5 c5 23. Re5 Nf5 24. Rxd5 cxd4 25. exd4 Kg7 26. Be5+
Kh6 27. Rd7 Nh4 28. Rxf7 Rd8 29. Bf4+ g5 30. Rf6+ Ng6 31. Be3 b5 32. h4 Kg7 33.
Bxg5 Rd5 34. Re6 Rxg5 35. hxg5 h4 36. d5 h3 37. d6 Nf4 38. Re1 Nd3+ 39. Kd2
Nxe1 40. Kxe1 h2 41. d7 h1=Q+ 42. Ke2 Qh8 43. Ke3 Qd8 44. Ke4 Qxd7 45. f4 Kg6
46. f5+ Qxf5+ 47. Ke3 Qxg5+ 48. Kf3 Qd5+ 49. Kg4 Qxa2 50. f4 Qxb2 51. f5+ Kf6
52. Kf4 Qxc3 53. Ke4 Qe5+ 54. Kd3 Qxf5+ 55. Kc3 Qe4 56. Kb3 Qd4 57. Ka3 Qc4 58.
Kb2 Ke5 59. Ka3 Kd4 60. Kb2 Qd3 61. Ka2 Qc3 62. Kb1 Kc4 63. Ka2 Kb4 64. Kb1 Qd2
65. Ka1 Kc3 66. Kb1 Qb2# 0-1

[Event "Junior Online 4NCL Division 2"]
[Site "online"]
[Date "2020.10.01"]
[Round "4.78"]
[White "Wynn, Jacob"]
[Black "Sareen, Rohan"]
[Result "1-0"]
[WhiteElo "1186"]
[BlackElo "1112"]
[PlyCount "95"]
[EventDate "2020.10.01"]
[WhiteTeam "Border Bandits 1"]
[BlackTeam "Warwickshire Bears F"]

1. e4 e5 2. Nf3 Nc6 3. Bc4 Nf6 4. Nc3 Bc5 5. d3 d6 6. Bg5 h6 7. Bh4 g5 8. Nxg5
hxg5 9. Bxg5 Rg8 10. Bh4 Rxg2 11. Nd5 Bg4 12. Nxf6+ Qxf6 13. Bxf6 Bxd1 14. Kxd1
Rxf2 15. Bh4 Rf4 16. Bg3 Rf6 17. Kd2 Nd4 18. Raf1 Nf3+ 19. Kc1 Be3+ 20. Kd1
O-O-O 21. Ke2 Nd4+ 22. Kxe3 Rxf1 23. Rxf1 c6 24. Rxf7 d5 25. Bxe5 Nxc2+ 26. Kd2
dxc4 27. Kxc2 cxd3+ 28. Kd2 c5 29. Rc7+ Kb8 30. Rd7+ Kc8 31. Rc7+ Kb8 32. Rxc5+
Ka8 33. Rd5 Rxd5 34. exd5 b5 35. h4 a5 36. h5 b4 37. h6 a4 38. h7 a3 39. h8=Q+
Kb7 40. bxa3 bxa3 41. Qh6 Ka7 42. Kxd3 Ka8 43. Qc6+ Ka7 44. d6 Kb8 45. d7+ Ka7
46. Qb5 Ka8 47. d8=Q+ Ka7 48. Qbb6# 1-0

[Event "Junior Online 4NCL Division 2"]
[Site "online"]
[Date "2020.10.01"]
[Round "4.81"]
[White "Cham, Alex"]
[Black "George, Seb"]
[Result "1-0"]
[WhiteElo "1285"]
[BlackElo "1240"]
[PlyCount "69"]
[EventDate "2020.10.01"]
[WhiteTeam "St Albans Early Knights 2"]
[BlackTeam "Watford Juniors B"]

1. d4 Nc6 2. Bf4 e6 3. e3 g5 4. Bg3 h5 5. h4 f5 6. hxg5 Qxg5 7. Bh4 Qg4 8. Be2
Qxg2 9. Bf3 Qg6 10. Nd2 d5 11. Bg3 h4 12. Rxh4 Rxh4 13. Bxh4 Qxg1+ 14. Nf1 Be7
15. Bh5+ Kd8 16. Bxe7+ Ngxe7 17. Qf3 Qg8 18. O-O-O Bd7 19. Nd2 Be8 20. Nb3 Bxh5
21. Qxh5 Qg6 22. Qh8+ Qg8 23. Qf6 Qg6 24. Qf8+ Qe8 25. Qf6 Kd7 26. Nc5+ Kc8 27.
Qxe6+ Kb8 28. Nd7+ Kc8 29. Nf6+ Kd8 30. Nxe8 Kxe8 31. Rh1 Kf8 32. Qf6+ Ke8 33.
Rh8+ Ng8 34. Qe6+ Nce7 35. Rxg8# 1-0

[Event "Junior Online 4NCL Division 2"]
[Site "online"]
[Date "2020.10.01"]
[Round "4.82"]
[White "Holland, Nicolas"]
[Black "Ravithas, Abinash"]
[Result "0-1"]
[WhiteElo "1172"]
[BlackElo "1337"]
[PlyCount "30"]
[EventDate "2020.10.01"]
[WhiteTeam "Watford Juniors B"]
[BlackTeam "St Albans Early Knights 2"]

1. e4 e5 2. Nf3 Nc6 3. Bc4 Bc5 4. O-O Nf6 5. Nc3 d6 6. d3 h6 7. Nd5 Bg4 8. Qe2
Nd4 9. Qd1 Nxf3+ 10. gxf3 Bh3 11. Re1 Nxd5 12. Bxd5 Qf6 13. Bxb7 Qg6+ 14. Bg5
Qxg5+ 15. Kh1 Qg2# 0-1

[Event "Junior Online 4NCL Division 2"]
[Site "online"]
[Date "2020.10.01"]
[Round "4.83"]
[White "Shaporenkov, Robert"]
[Black "Chadha, Ishaan"]
[Result "1/2-1/2"]
[WhiteElo "1322"]
[BlackElo "1142"]
[PlyCount "77"]
[EventDate "2020.10.01"]
[WhiteTeam "St Albans Early Knights 2"]
[BlackTeam "Watford Juniors B"]

1. d4 d5 2. Bf4 Nc6 3. e3 Bf5 4. c3 e6 5. Nd2 Be7 6. Ngf3 Nf6 7. Qe2 Bd6 8. Bg3
Qe7 9. Bxd6 cxd6 10. g3 e5 11. dxe5 dxe5 12. Bg2 O-O 13. O-O Ng4 14. Rfe1 e4
15. Nd4 Nce5 16. Bh3 Qg5 17. Nxf5 Qxf5 18. c4 h5 19. cxd5 Nd3 20. Red1 Nxb2 21.
Rf1 Nd3 22. f4 Qxd5 23. Bxg4 hxg4 24. Qxg4 Nc5 25. Rfd1 Rad8 26. Nb3 Nd3 27.
Rac1 Rfe8 28. Rc5 Qe6 29. Qxe6 Rxe6 30. Rc7 Kf8 31. Nc5 Re7 32. Rxe7 Kxe7 33.
Nxb7 Rb8 34. Na5 Rb2 35. Nc6+ Kd6 36. Nxa7 Rxa2 37. Nb5+ Kd7 38. Nc3 Ra3 39.
Nb5 1/2-1/2

[Event "Junior Online 4NCL Division 2"]
[Site "online"]
[Date "2020.10.01"]
[Round "4.84"]
[White "Demyan, Leo"]
[Black "Owladi, Dara"]
[Result "1-0"]
[WhiteElo "1180"]
[BlackElo "1315"]
[PlyCount "141"]
[EventDate "2020.10.01"]
[WhiteTeam "Watford Juniors B"]
[BlackTeam "St Albans Early Knights 2"]

1. e4 e5 2. Nf3 Nc6 3. Bc4 Bc5 4. d3 Nf6 5. Bg5 h6 6. Bxf6 Qxf6 7. Nc3 d6 8.
Nd5 Qd8 9. O-O Be6 10. Bb3 O-O 11. Qe2 Bxd5 12. Bxd5 Rb8 13. a3 Ne7 14. b4 Nxd5
15. exd5 Bb6 16. c4 f5 17. Rfc1 c6 18. Qd2 e4 19. dxe4 fxe4 20. Nd4 Qf6 21. Rd1
Bxd4 22. Qxd4 Qxf2+ 23. Qxf2 Rxf2 24. Kxf2 Rf8+ 25. Kg1 cxd5 26. cxd5 Re8 27.
Re1 Re7 28. Rac1 g5 29. Rc8+ Kg7 30. Rc4 Re5 31. Rcxe4 Rxd5 32. Re7+ Kg6 33.
Rxb7 Rd3 34. Rxa7 d5 35. b5 d4 36. b6 Rb3 37. Re6+ Kf5 38. Rxh6 d3 39. Ra5+ Kg4
40. h3+ Kf4 41. Ra4+ Ke3 42. Re6+ Kd2 43. b7 Rxb7 44. Kf1 Rc7 45. Re1 Kc2 46.
Rd4 d2 47. Re2 Rf7+ 48. Kg1 Rb7 49. Rexd2+ Kc3 50. R2d3+ Kc2 51. Rg3 Rb1+ 52.
Kh2 Ra1 53. a4 Kb2 54. Rxg5 Kb3 55. Rg3+ Kb2 56. Rf3 Rc1 57. Rb4+ Ka2 58. a5
Rc5 59. a6 Ra5 60. Rf2+ Ka3 61. Rb6 Ra4 62. Rf1 Ka2 63. Re6 Ra5 64. Rf3 Rb5 65.
a7 Kb2 66. a8=Q Kc2 67. Qc6+ Kb2 68. Qxb5+ Kc2 69. Re2+ Kd1 70. Ra2 Ke1 71.
Rf1# 1-0

[Event "Junior Online 4NCL Division 2"]
[Site "online"]
[Date "2020.10.01"]
[Round "4.85"]
[White "George, Seb"]
[Black "Cham, Alex"]
[Result "1/2-1/2"]
[WhiteElo "1240"]
[BlackElo "1285"]
[PlyCount "107"]
[EventDate "2020.10.01"]
[WhiteTeam "Watford Juniors B"]
[BlackTeam "St Albans Early Knights 2"]

1. g3 d5 2. Bg2 Bf5 3. c4 e6 4. Nc3 c6 5. cxd5 exd5 6. d3 Nf6 7. e4 Bg6 8. exd5
cxd5 9. Qb3 Qc7 10. Nxd5 Nxd5 11. Bxd5 Bc5 12. Qxb7 Qe5+ 13. Be4 Bxe4 14. dxe4
Bxf2+ 15. Kxf2 Qc5+ 16. Be3 Qc6 17. Qxc6+ Nxc6 18. Rc1 Ne5 19. Nf3 Nd3+ 20. Ke2
Nxc1+ 21. Rxc1 O-O 22. Rc7 Rab8 23. b3 Rfe8 24. Bxa7 Rxe4+ 25. Kd3 Rbe8 26. Ng5
R4e7 27. Rxe7 Rxe7 28. Bc5 Rd7+ 29. Kc2 Rd5 30. Be3 Re5 31. Kd3 Ra5 32. a4 f6
33. Nf3 Ra8 34. Nd4 Kf7 35. Kc4 Re8 36. Bg1 Rc8+ 37. Kb4 Ke7 38. a5 g6 39. a6
Ra8 40. a7 Kd6 41. Nb5+ Kc6 42. Ka5 g5 43. g4 Kb7 44. Bd4 Rf8 45. b4 f5 46.
Nd6+ Ka8 47. Nxf5 Rd8 48. b5 Rh8 49. b6 h5 50. Ka6 Rh7 51. Nd6 h4 52. Nb5 h3
53. Nc7+ Rxc7 54. bxc7 1/2-1/2

[Event "Junior Online 4NCL Division 2"]
[Site "online"]
[Date "2020.10.01"]
[Round "4.86"]
[White "Ravithas, Abinash"]
[Black "Holland, Nicolas"]
[Result "1/2-1/2"]
[WhiteElo "1337"]
[BlackElo "1172"]
[PlyCount "133"]
[EventDate "2020.10.01"]
[WhiteTeam "St Albans Early Knights 2"]
[BlackTeam "Watford Juniors B"]

1. e4 e6 2. d4 d5 3. exd5 exd5 4. Nc3 Nf6 5. Nf3 Bb4 6. Bd2 O-O 7. a3 Bxc3 8.
Bxc3 Re8+ 9. Be2 Bg4 10. O-O Bxf3 11. Bxf3 Nc6 12. Re1 Rxe1+ 13. Qxe1 Qd6 14.
h3 Re8 15. Qd2 h6 16. Re1 Rd8 17. Re3 a6 18. Be2 Ne4 19. Qd3 Qf4 20. Rf3 Qc1+
21. Qd1 Qg5 22. Bd3 Re8 23. Re3 Nf6 24. Rxe8+ Nxe8 25. Qe2 Nf6 26. Bd2 Nxd4 27.
Bxg5 Nxe2+ 28. Bxe2 hxg5 29. Kf1 Ne4 30. Bf3 Nd2+ 31. Ke2 Nxf3 32. Kxf3 Kh7 33.
Kg4 Kg6 34. Kf3 f5 35. Ke3 Kf6 36. Kd4 Ke6 37. c4 dxc4 38. Kxc4 Kd6 39. Kd4 c5+
40. Kc4 b5+ 41. Kd3 a5 42. Ke3 Ke6 43. f4 gxf4+ 44. Kxf4 g6 45. Kg5 Kf7 46. g4
fxg4 47. hxg4 b4 48. a4 c4 49. Kf4 c3 50. bxc3 bxc3 51. Ke3 Kf6 52. Kd3 c2 53.
Kxc2 Kg5 54. Kd3 Kxg4 55. Kc4 Kf4 56. Kb5 g5 57. Kxa5 g4 58. Kb6 g3 59. a5 g2
60. a6 g1=Q+ 61. Kb7 Qg8 62. a7 Qf7+ 63. Kb8 Qb3+ 64. Ka8 Qg8+ 65. Kb7 Ke5 66.
a8=Q Qxa8+ 67. Kxa8 1/2-1/2

[Event "Junior Online 4NCL Division 2"]
[Site "online"]
[Date "2020.10.01"]
[Round "4.87"]
[White "Chadha, Ishaan"]
[Black "Shaporenkov, Robert"]
[Result "0-1"]
[WhiteElo "1142"]
[BlackElo "1322"]
[PlyCount "74"]
[EventDate "2020.10.01"]
[WhiteTeam "Watford Juniors B"]
[BlackTeam "St Albans Early Knights 2"]

1. d4 d5 2. Nc3 e6 3. Bf4 Bd6 4. e3 Bxf4 5. exf4 Nc6 6. Nf3 Nge7 7. Bb5 Bd7 8.
a3 a6 9. Ba4 b5 10. Bb3 O-O 11. Ng5 h6 12. Nf3 Nf5 13. O-O a5 14. Nxb5 a4 15.
Ba2 Rb8 16. Nc3 Rxb2 17. Nxa4 Rb8 18. Qd3 Ncxd4 19. Nxd4 Bxa4 20. Nxf5 exf5 21.
Bxd5 Bxc2 22. Qxc2 Qxd5 23. Qxc7 Rfc8 24. Qe5 Qxe5 25. fxe5 Re8 26. Rfe1 g5 27.
a4 Ra8 28. g3 f4 29. gxf4 gxf4 30. a5 f3 31. a6 Re6 32. a7 Re7 33. Ra6 Rexa7
34. Rxa7 Rxa7 35. e6 fxe6 36. Rxe6 Ra1+ 37. Re1 Rxe1# 0-1

[Event "Junior Online 4NCL Division 2"]
[Site "online"]
[Date "2020.10.01"]
[Round "4.88"]
[White "Owladi, Dara"]
[Black "Demyan, Leo"]
[Result "0-1"]
[WhiteElo "1315"]
[BlackElo "1180"]
[PlyCount "132"]
[EventDate "2020.10.01"]
[WhiteTeam "St Albans Early Knights 2"]
[BlackTeam "Watford Juniors B"]

1. e4 e5 2. Nc3 Nf6 3. f4 d6 4. fxe5 dxe5 5. Nf3 Nc6 6. Bc4 Bg4 7. h3 Bxf3 8.
Qxf3 Nd4 9. Qd1 Bb4 10. O-O Bxc3 11. bxc3 Nc6 12. Bb2 O-O 13. d4 Nxe4 14. Qf3
Nd2 15. Qh5 Nxf1 16. Rxf1 Qd7 17. dxe5 Rae8 18. Ba3 Rxe5 19. Bxf8 Rxh5 20.
Bxf7+ Kxf8 21. Be6+ Ke7 22. Bxd7 Kxd7 23. Rf7+ Kd6 24. Rxg7 Ra5 25. Rxh7 Rxa2
26. h4 Ra1+ 27. Kh2 Ra2 28. h5 Rxc2 29. h6 Rxc3 30. Rg7 Rc5 31. h7 Rh5+ 32. Kg1
a5 33. g4 Rh4 34. g5 Rg4+ 35. Kh2 Rh4+ 36. Kg3 Rh6 37. g6 Ne5 38. Rg8 Nxg6 39.
Kg4 Rxh7 40. Rxg6+ Kc5 41. Rg5+ Kb6 42. Rf5 a4 43. Rf1 Rg7+ 44. Kh5 Rd7 45.
Rb1+ Ka5 46. Rxb7 Rd5+ 47. Kg6 c5 48. Ra7+ Kb4 49. Rb7+ Ka3 50. Ra7 c4 51. Rc7
Rd4 52. Kf5 Kb3 53. Rb7+ Kc3 54. Ra7 Kb4 55. Rb7+ Ka3 56. Ra7 c3 57. Rc7 Kb3
58. Ke5 Rd1 59. Rc5 c2 60. Rb5+ Kc4 61. Ra5 c1=Q 62. Rxa4+ Kb3 63. Ra8 Qe3+ 64.
Kf6 Rf1+ 65. Kg7 Qg3+ 66. Kh6 Rh1# 0-1

[Event "Junior Online 4NCL Division 2"]
[Site "online"]
[Date "2020.10.01"]
[Round "4.91"]
[White "Houlihan, Elisabeth"]
[Black "Li, Ethan"]
[Result "0-1"]
[WhiteElo "1285"]
[BlackElo "1840"]
[PlyCount "62"]
[EventDate "2020.10.01"]
[WhiteTeam "Ojays F"]
[BlackTeam "May The Fork Be With You 1"]

1. d4 Nf6 2. Nc3 d5 3. f3 c5 4. e3 cxd4 5. exd4 e6 6. Nce2 Be7 7. Nf4 O-O 8. c3
Re8 9. Bb5 Bd7 10. Bxd7 Nbxd7 11. Nge2 b5 12. a3 a5 13. b4 a4 14. O-O Nb6 15.
Qd3 Nc4 16. Nh3 Qb6 17. Bg5 h6 18. Bxf6 Bxf6 19. Ng3 g6 20. Nf4 Ra7 21. Nfh5
gxh5 22. Nxh5 Bg7 23. g4 Qc7 24. f4 f6 25. Qg6 Qf7 26. Qd3 f5 27. Nxg7 Qxg7 28.
Rf2 fxg4 29. Rg2 Kh8 30. h3 Qh7 31. hxg4 Qxd3 0-1